00948nam a2200241Ia 4500003000400000005001700004008004100021020003000062040001700092082002200109100002700131245006200158250001100220260002900231300001500260650001500275650001700290942000900307952012500316952012500441952012500566999001500691IIN20240125130919.0231217s9999 xx 000 0 und d cRs.2495.00a9780721695327 aIINbEnglish a613.2 bPEC1 aPeckenpaugh, Nancy J. 1 aNutrition Essentials & Diet TherapycNancy J. Peckenpaugh a9th ed bSaundersaMissouric2003 axvi, 665p.1 aNutrition 1 aDiet Therapy cBOOK 001040708Purches BookaIINbIINd2023-12-17g2495.00l0o613.2 PECp1484r2023-12-17 21:32:39w2023-12-17yBOOK 001040708Purches BookaIINbIINd2023-12-17g2495.00l0o613.2 PECp1485r2023-12-17 21:32:39w2023-12-17yBOOK 001040708Purches BookaIINbIINd2023-12-17g2495.00l0o613.2 PECp1486r2023-12-17 21:32:39w2023-12-17yBOOK c1490d1490